000 00323nam a22001337a 4500
008 170731b xxu||||| |||| 00| 0 eng d
020 _a9780713134704
041 _aeng
080 _a004
100 _a32
101 _aSHK
245 _aMICROPROCESSORS AND THEIR MANUFACTURING APPLICATIONS
_cKOCHHAR,A.K
942 _2udc
_cBK
999 _c22234
_d22234